000 00631nam a22002417a 4500
005 20250219150125.0
008 190401b2014 xxu||||| |||| 00| 0 spa d
020 _a9789977676692
041 _aCHO
_aESP
082 _aR 497.936 Q8d
100 _aQuirós Rodríguez, Juan Santiago
245 _aDiccionario español-chorotega, chorotega-español
260 _aCosta Rica
260 _bUniversidad de Costa Rica
260 _c2014
300 _a186 páginas
650 _aCOSTA RICA
650 _aLENGUA CHOROTEGA
650 _aDICCIONARIOS
650 _aESPAÑOL
650 _aINDIOS CHOROTEGA
942 _cREF
_2ddc
999 _c11831
_d11831